000
00323nam a22001457a 4500
008
210604b ||||| |||| 00| 0 eng d
020
_a
9781681356778
041
_a
eng
080
_2
3rd
_a
541
082
_a
541
100
_a
12
101
_a
KIM
245
_a
Chem 116 Laboratory Manual
_c
Jon K. Earl
942
_2
udc
_c
BK
999
_c
57966
_d
57966